000 00310nam a22001337a 4500
008 171103b xxu||||| |||| 00| 0 eng d
020 _a0881730378
041 _aeng
080 _a33
100 _a60
101 _aBUS
245 _aSTRATEGIC MARKETING FOR ELECTRIC UTILITIES
_cGELLINGS,C.W
942 _2udc
_cBK
999 _c37434
_d37434